Normal view MARC view
  • Tib e Nabvi

Entry Topical Term

Number of records used in: 7

001 - CONTROL NUMBER

  • control field: 21032

003 - CONTROL NUMBER IDENTIFIER

  • control field: NUST

005 - DATE AND TIME OF LATEST TRANSACTION

  • control field: 20190920123933.0

008 - FIXED-LENGTH DATA ELEMENTS

  • fixed length control field: 190920|| aca||aabn | a|a d

040 ## - CATALOGING SOURCE

  • Original cataloging agency: NUST
  • Transcribing agency: NUST

150 ## - HEADING--TOPICAL TERM

  • Topical term or geographic name entry element: Tib e Nabvi
  • General subdivision: General

670 ## - SOURCE DATA FOUND

  • Source citation: Work cat.: (NUST): Ghazanvi, Khalid 21031, Tib-e-Nabvi aur jadeed science Vol-2, c1999.
© 2023 Central Library, National University of Sciences and Technology. All Rights Reserved.